书目信息 |
| 题名: |
喜欢
|
|
| 作者: | 景行 著 | |
| 分册: | ||
| 出版信息: | 北京 中国戏剧出版社 2009.08 |
|
| 页数: | 246页 | |
| 开本: | 21cm | |
| 丛书名: | ||
| 单 册: | ||
| 中图分类: | I247.57 | |
| 科图分类: | ||
| 主题词: | 长篇小说 , 长篇小说--中国--现代 | |
| 电子资源: | ||
| ISBN: | 978-7-104-03013-3 | |
| 000 | 00630nam0 2200241 450 | |
| 001 | 1151450154 | |
| 005 | 20111208141809.64 | |
| 010 | @a978-7-104-03013-3@dCNY22.00 | |
| 090 | @aI247.57@bjx | |
| 096 | @aI247.57@bjh | |
| 100 | @a20091215d2009 em y0chiy50 ea | |
| 101 | 0 | @achi |
| 102 | @aCN@b110000 | |
| 105 | @ay z 000ay | |
| 200 | 1 | @a喜欢@b专著@f景行著@9xi huan |
| 210 | @a北京@c中国戏剧出版社@d2009.08 | |
| 215 | @a246页@d21cm | |
| 606 | 0 | @a长篇小说 |
| 606 | 0 | @a长篇小说@y中国@z现代 |
| 690 | @aI247.57@v4 | |
| 701 | 0 | @a景行@f(1984~)@4著@9jing xing |
| 801 | 0 | @aCN@bJL@c20090921 |
| 905 | @aZUCC@dI247.57@eJ899 | |
| 喜欢/景行著.-北京:中国戏剧出版社,2009.08 |
| 246页;21cm |
| ISBN 978-7-104-03013-3:CNY22.00 |
| ● |
| 相关链接 |
|
|
|
正题名:喜欢
索取号:I247.57/J899
 
预约/预借
| 序号 | 登录号 | 条形码 | 馆藏地/架位号 | 状态 | 备注 |
| 1 | 826862 | 208268621 | 文学库108/108文学库 48排11列2层/ [索取号:I247.57/J899] | 在馆 | |
| 2 | 826863 | 208268630 | 社科二线422/422社科库 49排6列3层/ [索取号:I247.57/J899] | 在馆 |